000 01159nam a22001457a 4500
999 _c519825
_d519825
008 220510b ||||| |||| 00| 0 eng d
100 _aBandiera, O. et al
_933102
245 _aDo women respond less to performance pay? Building evidence from multiple experiments
260 _aThe American Economic Review: Insights
300 _a3(4), Dec, 2021: p.435-454
520 _aExisting empirical work raises the hypothesis that performance pay—whatever its output gains—may widen the gender earnings gap because women may respond less to incentives. We evaluate this possibility by aggregating evidence from existing experiments on performance incentives with male and female subjects. Using a Bayesian hierarchical model, we estimate both the average effect and heterogeneity across studies. We find that the gender response difference is close to zero and heterogeneity across studies is small, while performance pay increases output by 0.36 standard deviations on average. The data thus support agency theory for men and women alike. – Reproduced
773 _aThe American Economic Review: Insights
906 _aPERFORMANCE PAY
942 _cAR